► Missing Word: The Walking Dead Episodes (A-Z) Quiz Stats

 Plays Quiz not verified by Sporcle

Score 0/23 Timer 03:00
0 Plays Today
Hint Answer % Correct
30 _____ Without an AccidentDays
94%
When the Dead _____ KnockingCome
92.1%
Days _____ ByeGone
90.6%
Last Day on _____Earth
90.6%
Tell _____ to the FrogsIt
89.4%
Too _____ GoneFar
89.3%
_____ to FinishStart
75.7%
Heads _____Up
75.5%
Not Tomorrow _____Yet
74.1%
_____ SanctuaryNo
72.2%
_____ Much Dead AlreadyPretty
72.1%
Four Walls and a _____Roof
71.8%
Hint Answer % Correct
Save the Last _____One
62.3%
18 _____ OutMiles
60%
This Sorrowful _____Life
58.7%
Self _____Help
57.8%
The Suicide _____King
54.2%
_____ the Dying FireBeside
51.8%
I Ain't a _____Judas
42.2%
_____ (season 1)Vatos
39%
Welcome to the _____Tombs
36.8%
Killer _____Within
35.2%
Better _____Angels
32.9%

You're not logged in!

Compare scores with friends on all Sporcle quizzes.
OR
Log In

You Might Also Like...

Show Comments

Extras

Top Quizzes Today


Score Distribution

Your Account Isn't Verified!

In order to create a playlist on Sporcle, you need to verify the email address you used during registration. Go to your Sporcle Settings to finish the process.

Report this User

Report this user for behavior that violates our Community Guidelines.

Details: